World War I Decoder - Statistics

General Stats
  • This quiz has been taken 300 times
  • The average score is 10 of 23
Answer Stats
Letter Hint Answer % Correct
S Flu that spread because of the war Spanish Flu
86%
T Driveable weapons introduced in the war Tanks
75%
S City where Archduke was assassinated Sarajevo
73%
T The ______ Ententes Triple
72%
W American president during the war Woodrow Wilson
72%
A The winning side of the war Allies
70%
N Land between German and British/French torches, No Man’s Land
70%
R The _______ Civil War Russian
59%
L David _____ George, Former prime minister of the UK Lloyd
55%
A Assasination of ________ Archduke
49%
A Day celebrating a signed treaty Armistice Day
49%
S The __________ Plan Schlieffen
32%
E Main Russian front in Europe Eastern Front
31%
R _____ Flying Corps Royal
30%
L Bugs nesting on the bodies of army members in the trenches Lice
24%
I Vladimir ______ Lenin Ilyich
23%
A ______ I of Belgium Albert
19%
O Belgian port, the northernmost of the trenches Ostend
15%
Quote This is a war to end all wars
14%
W 2011 drama about the war War Horse
12%
D Battle of ______ Bank Dogger
10%
I Battles of the ______ Isonzo
9%
H Generals Die In Bed author, Charles Yale ________ Harrison
4%
No matching quizzes found
Score Distribution
Percent of People with Each Score
Percentile by Number Answered
Your Score History
You have not taken this quiz